00333nam a2200133Ia 4500008004100000020001200041040001600053041001200069082001800081100002200099245002900121260003800150300001100188230917s9999||||xx |||||||||||||| ||und|| cPOU1.95 e14294aMAIN aEnglish a330.122 L538C aLekachman, Robert 0aCapitalism for beginners aLondonbWriters and Readersc1981 a175 p.